000 00593nam a2200193Ii 4500
003 JO-AjNU
008 230605s9999||||xx |||||||||||||| ||und||
040 _aJO-AjNU
_bara
_erda
_cJO-AjNU
041 _aara
050 1 4 _aQ171.B95812
100 3 _aبوش،فانفر,
_eauthor
_918649
245 0 0 _aليس بالعلم وحدة
264 3 1 _aبيروت: دار الافاق الجديدة ، 1900
300 _a177ص
336 _atext
_btxt
_2rdacontent
337 _aunmediated
_bn
_2rdamedia
338 _avolume
_bnc
_2rdacarrier
650 4 _aالهندسة الفيزيائية
_918650
999 _aA6005
_c9573
_d9573